[Event "12. Obert Int. Sant Marti 2010 - B"]
[Site "Barcelona ESP"]
[Date "2010.07.19"]
[Round "7.3"]
[White "Marina De La Torre, Ivan"]
[Black "Reyes Jimenez, Alex"]
[Result "0-1"]
[WhiteElo "1944"]
[BlackElo "1904"]
[PlyCount "106"]
[EventDate "2010.07.13"]
[EventType "swiss"]
[EventRounds "9"]
[EventCountry "ESP"]
[SourceTitle "Ajedrez en Madrid"]
[Source "lmi"]
[SourceDate "2010.07.13"]
[SourceVersion "1"]
[SourceVersionDate "2019.06.18"]
[SourceQuality "1"]

1. d4 Nf6 2. Bg5 c5 3. d5 Qb6 4. Nc3 Qxb2 5. Bd2 Qb6 6. e4 d6 7. f4 g6 8. Rb1
Qd8 9. Nf3 Bg7 10. Bb5+ Nfd7 11. e5 a6 12. Bxd7+ Qxd7 13. O-O b5 14. Re1 O-O
15. e6 fxe6 16. dxe6 Qc6 17. Ng5 Bb7 18. Qg4 b4 19. Nce4 d5 20. Ng3 d4 21. Re2
Qd5 22. h4 h5 23. Nxh5 Qf5 24. Qxf5 Rxf5 25. Nxg7 Kxg7 26. g4 Rd5 27. Rh2 Nc6
28. Nf7 Nd8 29. Ne5 Nc6 30. Re1 Nxe5 31. fxe5 Bc8 32. h5 Bxe6 33. hxg6 Rh8 34.
Rxh8 Kxh8 35. Bg5 Kg7 36. Bxe7 Kxg6 37. g5 c4 38. Bxb4 Kxg5 39. Bd6 d3 40. cxd3
cxd3 41. Rd1 Kf4 42. Kf2 Ke4 43. Re1+ Kd4 44. Rd1 Bg4 45. Rd2 Kc3 46. Ke3 a5
47. Bc7 a4 48. a3 Bf5 49. Bd6 Rd4 50. Bb4+ Kc4 51. Bd6 Re4+ 52. Kf3 Kc3 53. Rh2
d2 0-1

[Event "12. Obert Int. Sant Marti 2010 - B"]
[Site "Barcelona ESP"]
[Date "2010.07.19"]
[Round "7.4"]
[White "Romero Funieles, Rafael"]
[Black "Castrillo Mansego, Pablo"]
[Result "0-1"]
[WhiteElo "1769"]
[BlackElo "1945"]
[PlyCount "54"]
[EventDate "2010.07.13"]
[EventType "swiss"]
[EventRounds "9"]
[EventCountry "ESP"]
[SourceTitle "Ajedrez en Madrid"]
[Source "lmi"]
[SourceDate "2010.07.13"]
[SourceVersion "1"]
[SourceVersionDate "2019.06.18"]
[SourceQuality "1"]

1. e4 e6 2. d4 d5 3. exd5 exd5 4. c3 Bd6 5. h3 Ne7 6. Be2 Nbc6 7. a3 Bf5 8. Be3
Qd7 9. Nd2 O-O 10. Ngf3 Ng6 11. Qb3 Bf4 12. h4 Rfe8 13. h5 Bxe3 14. fxe3 Rxe3
15. hxg6 Rae8 16. gxf7+ Kxf7 17. Ng1 Bd3 18. O-O-O Nxd4 19. Bh5+ g6 20. Qb4
gxh5 21. Qxd4 Bg6 22. Ngf3 Qf5 23. Ne1 Rxe1 24. Ne4 Rxd1+ 25. Rxd1 Rxe4 26.
Qxd5+ Qxd5 27. Rxd5 Ke6 0-1

[Event "12. Obert Int. Sant Marti 2010 - B"]
[Site "Barcelona ESP"]
[Date "2010.07.19"]
[Round "7.8"]
[White "Corrales Adamuz, Cristian"]
[Black "Fernandez Diaz, Cristian"]
[Result "1/2-1/2"]
[WhiteElo "1820"]
[BlackElo "1930"]
[PlyCount "50"]
[EventDate "2010.07.13"]
[EventType "swiss"]
[EventRounds "9"]
[EventCountry "ESP"]
[SourceTitle "Ajedrez en Madrid"]
[Source "lmi"]
[SourceDate "2010.07.13"]
[SourceVersion "1"]
[SourceVersionDate "2019.06.18"]
[SourceQuality "1"]

1. c4 c6 2. Nc3 Nf6 3. e4 d5 4. cxd5 cxd5 5. e5 Nfd7 6. d4 e6 7. a3 Nc6 8. Nf3
f6 9. exf6 Nxf6 10. Ne5 Be7 11. Bb5 Bd7 12. Nxd7 Qxd7 13. Be3 O-O 14. f4 a6 15.
Be2 Rac8 16. Rc1 b5 17. b4 Ne8 18. Bg4 Bf6 19. Qd3 g6 20. h4 Ng7 21. h5 Nf5 22.
Bxf5 exf5 23. hxg6 hxg6 24. g4 Rce8 25. Kd2 fxg4 1/2-1/2

[Event "12. Obert Int. Sant Marti 2010 - B"]
[Site "Barcelona ESP"]
[Date "2010.07.19"]
[Round "7.9"]
[White "Avramov, Petkov Plamen"]
[Black "Joao, Joaquim Assis"]
[Result "0-1"]
[WhiteElo "1882"]
[BlackElo "2000"]
[PlyCount "74"]
[EventDate "2010.07.13"]
[EventType "swiss"]
[EventRounds "9"]
[EventCountry "ESP"]
[SourceTitle "Ajedrez en Madrid"]
[Source "lmi"]
[SourceDate "2010.07.13"]
[SourceVersion "1"]
[SourceVersionDate "2019.06.18"]
[SourceQuality "1"]

1. d4 e6 2. c4 d5 3. cxd5 exd5 4. a3 c6 5. Bf4 Bd6 6. Bxd6 Qxd6 7. Nc3 Nf6 8.
e3 O-O 9. h3 Re8 10. Nf3 Nbd7 11. Rc1 Nf8 12. Bd3 Bd7 13. O-O Rad8 14. Qa4 Ra8
15. Rfd1 h6 16. Ne5 Bc8 17. b4 a6 18. Qb3 N8d7 19. f4 Nb6 20. e4 Re7 21. Bb1
dxe4 22. Nxe4 Nxe4 23. Bxe4 Be6 24. Qc2 Nd5 25. Qf2 Nf6 26. Bf3 a5 27. f5 Bd5
28. Bxd5 Nxd5 29. Nc4 Qf4 30. Nxa5 Qg5 31. h4 Qg4 32. Rd3 Nf4 33. Rdc3 Ne2+ 34.
Kh2 Nxc3 35. Rxc3 Re2 36. Qf1 Qxh4+ 37. Kg1 Re1 0-1

[Event "12. Obert Int. Sant Marti 2010 - B"]
[Site "Barcelona ESP"]
[Date "2010.07.19"]
[Round "7.10"]
[White "Llop Llop, Josep"]
[Black "Serra Vilaro, Agustin"]
[Result "0-1"]
[WhiteElo "1671"]
[BlackElo "1877"]
[PlyCount "78"]
[EventDate "2010.07.13"]
[EventType "swiss"]
[EventRounds "9"]
[EventCountry "ESP"]
[SourceTitle "Ajedrez en Madrid"]
[Source "lmi"]
[SourceDate "2010.07.13"]
[SourceVersion "1"]
[SourceVersionDate "2019.06.18"]
[SourceQuality "1"]

1. e4 e5 2. Nf3 Nc6 3. Bc4 Nf6 4. Ng5 d5 5. exd5 Na5 6. Bb5+ c6 7. dxc6 bxc6 8.
Be2 h6 9. Nf3 Bc5 10. b4 Bxb4 11. Nxe5 Qd4 12. Nd3 Qxa1 13. Bb2 Bxd2+ 14. Nxd2
Qxa2 15. Bxf6 gxf6 16. O-O Be6 17. Ne4 Ke7 18. Re1 Rad8 19. Nc3 Qa3 20. Nb1 Qd6
21. Nc3 Qd4 22. Qa1 Nc4 23. Nb4 Ne5 24. Ncd5+ Rxd5 25. Nxd5+ Qxd5 26. Qxa7+ Kf8
27. Rd1 Qe4 28. Qa3+ Kg7 29. Qg3+ Kh7 30. Re1 Rg8 31. f3 Qe3+ 32. Qf2 Qxf2+ 33.
Kxf2 Ra8 34. h3 Ra2 35. Kg3 h5 36. f4 Ng6 37. Bd3 c5 38. h4 c4 39. Bf1 Rxc2 0-1

[Event "12. Obert Int. Sant Marti 2010 - B"]
[Site "Barcelona ESP"]
[Date "2010.07.19"]
[Round "7.12"]
[White "Amor Alcaide, Manuel"]
[Black "Rabinovich, Yacov"]
[Result "1-0"]
[WhiteElo "1978"]
[BlackElo "1773"]
[PlyCount "52"]
[EventDate "2010.07.13"]
[EventType "swiss"]
[EventRounds "9"]
[EventCountry "ESP"]
[SourceTitle "Ajedrez en Madrid"]
[Source "lmi"]
[SourceDate "2010.07.13"]
[SourceVersion "1"]
[SourceVersionDate "2019.06.18"]
[SourceQuality "1"]

1. b4 e5 2. Bb2 Bxb4 3. Bxe5 Nf6 4. a3 Ba5 5. Nf3 O-O 6. e3 d5 7. Be2 c5 8. O-O
Nc6 9. Bb2 Bc7 10. d3 d4 11. e4 Re8 12. Nbd2 Nd7 13. c3 Nde5 14. Nxe5 Nxe5 15.
cxd4 cxd4 16. f4 Ng6 17. g3 Bh3 18. Rf2 Nxf4 19. gxf4 Bxf4 20. Rxf4 Qg5+ 21.
Bg4 h5 22. Nf3 Qg6 23. Qd2 Bxg4 24. Kf2 Bxf3 25. Kxf3 Qd6 26. Qg2 Re5 1-0

[Event "12. Obert Int. Sant Marti 2010 - B"]
[Site "Barcelona ESP"]
[Date "2010.07.20"]
[Round "8.1"]
[White "Agostinho, Tito André Quiela"]
[Black "Diaz Nieto, Alberto"]
[Result "1-0"]
[WhiteElo "2000"]
[BlackElo "1957"]
[PlyCount "109"]
[EventDate "2010.07.13"]
[EventType "swiss"]
[EventRounds "9"]
[EventCountry "ESP"]
[SourceTitle "Ajedrez en Madrid"]
[Source "lmi"]
[SourceDate "2010.07.13"]
[SourceVersion "1"]
[SourceVersionDate "2019.06.18"]
[SourceQuality "1"]

1. d4 d5 2. c4 e5 3. e3 exd4 4. exd4 Nc6 5. Nf3 Bg4 6. Be2 Nf6 7. O-O Be7 8.
Nc3 dxc4 9. Qa4 O-O 10. Qxc4 Bxf3 11. Bxf3 Qxd4 12. Qxd4 Nxd4 13. Bxb7 Rab8 14.
Ba6 Rfd8 15. b3 Bb4 16. Ne2 Nxe2+ 17. Bxe2 Ne4 18. Bf4 Bd6 19. Be3 a5 20. Rac1
Be5 21. Bc4 Nd2 22. Rfe1 Nxc4 23. Rxc4 Rd5 24. g3 Rbd8 25. Kg2 g6 26. Rec1 Kg7
27. h4 h6 28. Kf3 f6 29. Rc5 f5 30. R1c4 R8d7 31. Ke2 h5 32. Rxd5 Rxd5 33. Bd2
Kf6 34. Ra4 Rc5 35. Rxa5 Rc2 36. Kd3 Rc6 37. Ra4 Ke6 38. Rc4 Rd6+ 39. Kc2 Ra6
40. a4 Kd5 41. Kd3 c5 42. a5 Bd6 43. Ra4 Be7 44. Bf4 Bd8 45. Bd2 Be7 46. Be1
Bd8 47. Bd2 Be7 48. Bg5 Bxg5 49. hxg5 f4 50. gxf4 h4 51. Ke3 Ra8 52. Kf3 Rh8
53. Kg2 h3+ 54. Kh2 Kc6 55. a6 1-0

[Event "12. Obert Int. Sant Marti 2010 - B"]
[Site "Barcelona ESP"]
[Date "2010.07.20"]
[Round "8.2"]
[White "Castrillo Mansego, Pablo"]
[Black "Reyes Jimenez, Alex"]
[Result "1/2-1/2"]
[WhiteElo "1945"]
[BlackElo "1904"]
[PlyCount "76"]
[EventDate "2010.07.13"]
[EventType "swiss"]
[EventRounds "9"]
[EventCountry "ESP"]
[SourceTitle "Ajedrez en Madrid"]
[Source "lmi"]
[SourceDate "2010.07.13"]
[SourceVersion "1"]
[SourceVersionDate "2019.06.18"]
[SourceQuality "1"]

1. e4 e5 2. Nf3 Nc6 3. Nc3 Nf6 4. d4 exd4 5. Nxd4 Bb4 6. Nxc6 bxc6 7. Bd3 d5 8.
exd5 Nxd5 9. O-O Nxc3 10. Qe1+ Qe7 11. bxc3 Bd6 12. Qxe7+ Bxe7 13. Re1 Be6 14.
Be4 O-O 15. Bxc6 Rab8 16. Be3 Rb2 17. Ba4 c5 18. Bc1 Rb7 19. Bc6 Rb6 20. Bf3
Bf6 21. Ba3 Rc8 22. Rab1 Bxc3 23. Rxb6 axb6 24. Rb1 Ba5 25. Rb2 Rd8 26. h3 f6
27. g4 Rd4 28. Rb1 Bxa2 29. Ra1 Bd5 30. Bxc5 bxc5 31. Bxd5+ Rxd5 32. Rxa5 Kf7
33. c4 Re5 34. f4 Re4 35. Rxc5 Rxf4 36. Rc7+ Kg6 37. c5 Rc4 38. Kg2 h5 1/2-1/2

[Event "12. Obert Int. Sant Marti 2010 - B"]
[Site "Barcelona ESP"]
[Date "2010.07.20"]
[Round "8.3"]
[White "Riekenbrauk, Joerg"]
[Black "Pariente Lopez, Eduard"]
[Result "1-0"]
[WhiteElo "1946"]
[BlackElo "1965"]
[PlyCount "43"]
[EventDate "2010.07.13"]
[EventType "swiss"]
[EventRounds "9"]
[EventCountry "ESP"]
[SourceTitle "Ajedrez en Madrid"]
[Source "lmi"]
[SourceDate "2010.07.13"]
[SourceVersion "1"]
[SourceVersionDate "2019.06.18"]
[SourceQuality "1"]

1. e4 c5 2. d4 cxd4 3. c3 dxc3 4. Nxc3 Nc6 5. Nf3 e6 6. Bc4 a6 7. Qe2 Nge7 8.
Bg5 f6 9. Bf4 Ng6 10. Bg3 Bb4 11. O-O b5 12. Bd3 Bxc3 13. bxc3 e5 14. a4 b4 15.
cxb4 Nxb4 16. Bc4 Qa5 17. Rfd1 Ne7 18. Nh4 d5 19. exd5 O-O 20. Qe4 Kh8 21. d6
Nec6 22. Ng6+ 1-0

[Event "12. Obert Int. Sant Marti 2010 - B"]
[Site "Barcelona ESP"]
[Date "2010.07.20"]
[Round "8.4"]
[White "Benet Saniger, Xavier"]
[Black "Marina De La Torre, Ivan"]
[Result "1-0"]
[WhiteElo "1727"]
[BlackElo "1944"]
[PlyCount "123"]
[EventDate "2010.07.13"]
[EventType "swiss"]
[EventRounds "9"]
[EventCountry "ESP"]
[SourceTitle "Ajedrez en Madrid"]
[Source "lmi"]
[SourceDate "2010.07.13"]
[SourceVersion "1"]
[SourceVersionDate "2019.06.18"]
[SourceQuality "1"]

1. Nf3 Nf6 2. d4 g6 3. c4 c5 4. Nc3 cxd4 5. Nxd4 Nc6 6. e3 Bg7 7. g3 Nxd4 8.
exd4 d5 9. Bg2 dxc4 10. Qa4+ Bd7 11. Qxc4 Rc8 12. Qd3 Bc6 13. O-O Bxg2 14. Kxg2
O-O 15. Be3 Nd5 16. Rac1 Qd7 17. Rfd1 a6 18. a3 Rfd8 19. Ne4 Nxe3+ 20. fxe3 Qd5
21. Kg1 h5 22. Rc5 Rxc5 23. Nxc5 Bf6 24. Qe4 Qxe4 25. Nxe4 Rc8 26. Nxf6+ exf6
27. Rd2 f5 28. Kf2 Kg7 29. Ke2 Kf6 30. Kd3 Rc7 31. Rc2 Rd7 32. Rc5 Ke6 33. Kc4
f6 34. Rc8 Re7 35. Rc5 Kd6 36. Kd3 Re4 37. Ke2 h4 38. Kf3 hxg3 39. hxg3 Re8 40.
Rc3 b6 41. b4 g5 42. a4 f4 43. gxf4 gxf4 44. Kxf4 Kd5 45. Kf5 Re6 46. b5 axb5
47. axb5 Rd6 48. Rc8 Rd7 49. Kxf6 Ke4 50. Re8+ Kd3 51. e4 Rxd4 52. e5 Kc4 53.
e6 Kxb5 54. e7 Rf4+ 55. Ke5 Rf7 56. Ke6 Rh7 57. Rg8 Rxe7+ 58. Kxe7 Kc4 59. Rg4+
Kd5 60. Rg5+ Kc4 61. Kd6 b5 62. Rg4+ 1-0

[Event "12. Obert Int. Sant Marti 2010 - B"]
[Site "Barcelona ESP"]
[Date "2010.07.20"]
[Round "8.5"]
[White "Joao, Joaquim Assis"]
[Black "Poyato Plaza, Daniel"]
[Result "1-0"]
[WhiteElo "2000"]
[BlackElo "1893"]
[PlyCount "51"]
[EventDate "2010.07.13"]
[EventType "swiss"]
[EventRounds "9"]
[EventCountry "ESP"]
[SourceTitle "Ajedrez en Madrid"]
[Source "lmi"]
[SourceDate "2010.07.13"]
[SourceVersion "1"]
[SourceVersionDate "2019.06.18"]
[SourceQuality "1"]

1. e4 d5 2. exd5 Nf6 3. c4 e6 4. dxe6 Bxe6 5. d4 Bb4+ 6. Nc3 Qe7 7. Be3 Nc6 8.
Bd3 O-O-O 9. Nge2 Bg4 10. O-O Kb8 11. a3 Bd6 12. c5 Bxc5 13. dxc5 Ne5 14. c6
Rxd3 15. Bxa7+ Kxa7 16. Qa4+ Kb8 17. cxb7 Kxb7 18. Qb5+ Kc8 19. Nf4 Rd6 20.
Rfe1 Re8 21. Rac1 Qd7 22. Rxe5 Rxe5 23. Qxe5 Be6 24. Nxe6 Rxe6 25. Qf4 Qd6 26.
Qf3 1-0

[Event "12. Obert Int. Sant Marti 2010 - B"]
[Site "Barcelona ESP"]
[Date "2010.07.20"]
[Round "8.6"]
[White "Serra Vilaro, Agustin"]
[Black "Poyato Ruiz, Fernando"]
[Result "0-1"]
[WhiteElo "1877"]
[BlackElo "1754"]
[PlyCount "53"]
[EventDate "2010.07.13"]
[EventType "swiss"]
[EventRounds "9"]
[EventCountry "ESP"]
[SourceTitle "Ajedrez en Madrid"]
[Source "lmi"]
[SourceDate "2010.07.13"]
[SourceVersion "1"]
[SourceVersionDate "2019.06.18"]
[SourceQuality "1"]

1. d4 e6 2. Nd2 Nf6 3. c3 d5 4. e3 c5 5. Bd3 Nc6 6. f4 Bd6 7. Qf3 Qc7 8. Ne2
Bd7 9. a3 Ne7 10. O-O O-O-O 11. b4 c4 12. Bc2 g5 13. a4 gxf4 14. exf4 Rhg8 15.
b5 Qb8 16. Ba3 Ng6 17. Kh1 Bxa3 18. Rxa3 Qd6 19. Raa1 h5 20. g3 Ng4 21. h4 Qe7
22. Bxg6 Rxg6 23. Rfb1 Rdg8 24. a5 Nh6 25. a6 b6 26. Nxc4 Rxg3 27. Qxh5 0-1

[Event "12. Obert Int. Sant Marti 2010 - B"]
[Site "Barcelona ESP"]
[Date "2010.07.20"]
[Round "8.7"]
[White "Fernandez Diaz, Cristian"]
[Black "Tavares, Eliseu Domingos Man"]
[Result "1/2-1/2"]
[WhiteElo "1930"]
[BlackElo "2000"]
[PlyCount "68"]
[EventDate "2010.07.13"]
[EventType "swiss"]
[EventRounds "9"]
[EventCountry "ESP"]
[SourceTitle "Ajedrez en Madrid"]
[Source "lmi"]
[SourceDate "2010.07.13"]
[SourceVersion "1"]
[SourceVersionDate "2019.06.18"]
[SourceQuality "1"]

1. d4 d5 2. c4 dxc4 3. Nf3 c6 4. e3 b5 5. a4 Bb7 6. Nc3 a6 7. b3 b4 8. Na2 a5
9. Bxc4 e6 10. Bb2 Nf6 11. O-O Nbd7 12. Nc1 Bd6 13. Ne2 Qc7 14. Rc1 Rd8 15. Qc2
O-O 16. Ng3 Rfe8 17. Rfd1 Qb8 18. e4 Bf4 19. Ra1 Nf8 20. e5 Nd5 21. Ne4 Ng6 22.
Nd6 Rf8 23. Bd3 Rxd6 24. exd6 Bxd6 25. Ne5 Nxe5 26. dxe5 Bxe5 27. Bxe5 Qxe5 28.
Bxh7+ Kh8 29. Be4 Nc3 30. Re1 Qg5 31. Re3 Rd8 32. Rxc3 bxc3 33. Qxc3 Qd2 34.
Qh3+ Kg8 1/2-1/2

[Event "12. Obert Int. Sant Marti 2010 - B"]
[Site "Barcelona ESP"]
[Date "2010.07.20"]
[Round "8.8"]
[White "Amor Alcaide, Manuel"]
[Black "Romero Funieles, Rafael"]
[Result "1/2-1/2"]
[WhiteElo "1978"]
[BlackElo "1769"]
[PlyCount "65"]
[EventDate "2010.07.13"]
[EventType "swiss"]
[EventRounds "9"]
[EventCountry "ESP"]
[SourceTitle "Ajedrez en Madrid"]
[Source "lmi"]
[SourceDate "2010.07.13"]
[SourceVersion "1"]
[SourceVersionDate "2019.06.18"]
[SourceQuality "1"]

1. b4 e6 2. Bb2 Nc6 3. a3 a6 4. Nf3 h6 5. d3 d6 6. c4 e5 7. Nc3 Bg4 8. e3 Nf6
9. Be2 Be7 10. Qb3 Be6 11. Nd5 O-O 12. Nd2 Rb8 13. Bf3 Na7 14. Qc2 c6 15. Nxe7+
Qxe7 16. O-O Rbd8 17. h3 Nh7 18. d4 exd4 19. exd4 d5 20. Rfe1 Qd7 21. Re3 Bf5
22. Qb3 Be6 23. cxd5 cxd5 24. Rae1 Nb5 25. Be2 Nd6 26. Bd3 Nf6 27. Nf3 Nde4 28.
Ne5 Qd6 29. Qd1 Rc8 30. Bb1 Rc7 31. f3 Ng3 32. Bc1 Qb6 33. Bb2 1/2-1/2

[Event "12. Obert Int. Sant Marti 2010 - B"]
[Site "Barcelona ESP"]
[Date "2010.07.20"]
[Round "8.10"]
[White "Gonzalez Garcia, Sergi"]
[Black "Corrales Adamuz, Cristian"]
[Result "1-0"]
[WhiteElo "1837"]
[BlackElo "1820"]
[PlyCount "107"]
[EventDate "2010.07.13"]
[EventType "swiss"]
[EventRounds "9"]
[EventCountry "ESP"]
[SourceTitle "Ajedrez en Madrid"]
[Source "lmi"]
[SourceDate "2010.07.13"]
[SourceVersion "1"]
[SourceVersionDate "2019.06.18"]
[SourceQuality "1"]

1. e4 e5 2. Nf3 Nc6 3. Bb5 a6 4. Ba4 Nf6 5. O-O b5 6. Bb3 Be7 7. Re1 d6 8. c3
Bg4 9. h3 Bh5 10. d3 O-O 11. Nbd2 Na5 12. Bc2 c5 13. Nf1 Nc6 14. Ng3 Bg6 15.
Bd2 Qc7 16. a4 Rfc8 17. b3 h6 18. Nh2 Qd7 19. Nhf1 Bd8 20. Ne3 Ne7 21. Qf3 Bc7
22. Ng4 Nxg4 23. hxg4 f6 24. Nh5 Bxh5 25. gxh5 Qe8 26. Bd1 Kh7 27. Qh3 d5 28.
exd5 Nxd5 29. Bf3 Qd8 30. Be4+ Kh8 31. Qf5 Qg8 32. c4 bxc4 33. bxc4 Ne7 34. Qd7
Ra7 35. Qxe7 Bb8 36. Bb7 Rc7 37. Qd6 Raxb7 38. Qxa6 Rb2 39. Be3 Qe8 40. Qa5
Qxh5 41. Qc3 Rbb7 42. a5 Ba7 43. Rab1 Qe8 44. Qa3 Qc6 45. Ra1 Qa6 46. Qa4 Rb4
47. Qe8+ Kh7 48. Qh5 e4 49. Qf5+ g6 50. Qxe4 Qc6 51. Qf4 g5 52. Qf5+ Kg7 53.
Bd2 Rb3 54. Re6 1-0

[Event "12. Obert Int. Sant Marti 2010 - B"]
[Site "Barcelona ESP"]
[Date "2010.07.21"]
[Round "9.1"]
[White "Reyes Jimenez, Alex"]
[Black "Agostinho, Tito André Quiela"]
[Result "0-1"]
[WhiteElo "1904"]
[BlackElo "2000"]
[PlyCount "78"]
[EventDate "2010.07.13"]
[EventType "swiss"]
[EventRounds "9"]
[EventCountry "ESP"]
[SourceTitle "Ajedrez en Madrid"]
[Source "lmi"]
[SourceDate "2010.07.13"]
[SourceVersion "1"]
[SourceVersionDate "2019.06.18"]
[SourceQuality "1"]

1. e4 e5 2. Nf3 Nc6 3. Bb5 a6 4. Ba4 Nf6 5. O-O b5 6. Bb3 Be7 7. Re1 d6 8. c3
Na5 9. Bc2 c5 10. d3 O-O 11. b3 Nc6 12. Nbd2 Ne8 13. Nf1 g6 14. Ne3 Be6 15. c4
Ng7 16. Bb2 Nh5 17. Rc1 Bf6 18. Bb1 b4 19. Nd5 Bg7 20. Qd2 h6 21. h3 g5 22. g4
Nf4 23. Nxf4 gxf4 24. Kh2 Kh8 25. Rg1 Bf6 26. Rg2 Rg8 27. Rh1 Rg7 28. Kg1 a5
29. Kf1 Kg8 30. Nh2 a4 31. Bc2 a3 32. Bc1 Nd4 33. f3 Bh4 34. Bd1 Bg3 35. Kg1
Qh4 36. Rxg3 Qxg3+ 37. Qg2 Qe1+ 38. Qf1 Qc3 39. Be2 Nxb3 0-1

[Event "12. Obert Int. Sant Marti 2010 - B"]
[Site "Barcelona ESP"]
[Date "2010.07.21"]
[Round "9.2"]
[White "Diaz Nieto, Alberto"]
[Black "Castrillo Mansego, Pablo"]
[Result "0-1"]
[WhiteElo "1957"]
[BlackElo "1945"]
[PlyCount "56"]
[EventDate "2010.07.13"]
[EventType "swiss"]
[EventRounds "9"]
[EventCountry "ESP"]
[SourceTitle "Ajedrez en Madrid"]
[Source "lmi"]
[SourceDate "2010.07.13"]
[SourceVersion "1"]
[SourceVersionDate "2019.06.18"]
[SourceQuality "1"]

1. d4 e6 2. c4 d5 3. Nc3 Nf6 4. e3 c6 5. Bd3 Bd6 6. f3 e5 7. cxd5 exd4 8. exd4
Nxd5 9. Ne4 Qe7 10. Ne2 Bb4+ 11. Kf2 f5 12. N4c3 O-O 13. Bc4 Be6 14. Re1 Qf7
15. Qb3 Na6 16. Bxa6 bxa6 17. Qa4 f4 18. a3 Bxc3 19. Nxc3 Nxc3 20. bxc3 Rae8
21. Bd2 Bc4 22. Qxc6 Bb5 23. Qc5 Rxe1 24. Rxe1 Qa2 25. Re2 Bxe2 26. Kxe2 Re8+
27. Kd3 Qb1+ 28. Kc4 Qf1+ 0-1

[Event "12. Obert Int. Sant Marti 2010 - B"]
[Site "Barcelona ESP"]
[Date "2010.07.21"]
[Round "9.3"]
[White "Benet Saniger, Xavier"]
[Black "Riekenbrauk, Joerg"]
[Result "0-1"]
[WhiteElo "1727"]
[BlackElo "1946"]
[PlyCount "66"]
[EventDate "2010.07.13"]
[EventType "swiss"]
[EventRounds "9"]
[EventCountry "ESP"]
[SourceTitle "Ajedrez en Madrid"]
[Source "lmi"]
[SourceDate "2010.07.13"]
[SourceVersion "1"]
[SourceVersionDate "2019.06.18"]
[SourceQuality "1"]

1. d4 f5 2. g3 g6 3. Bg2 Bg7 4. Nh3 Nf6 5. c4 Nc6 6. Nc3 O-O 7. O-O d6 8. d5
Ne5 9. Qc2 c6 10. Nf4 Qe8 11. b3 Qf7 12. Bb2 Bd7 13. Rad1 g5 14. Nd3 Nfg4 15.
Nxe5 dxe5 16. h3 Nh6 17. dxc6 Bxc6 18. Bxc6 bxc6 19. Rd7 Qh5 20. Kg2 f4 21. Qd3
fxg3 22. Qxg3 Rf4 23. e4 g4 24. Rd3 Raf8 25. f3 gxh3+ 26. Kh2 R8f6 27. Rg1 Rg6
28. Qf2 Ng4+ 29. Rxg4 Rgxg4 30. Qe3 Rg2+ 31. Kh1 Rxb2 32. Ne2 Qg5 33. Nxf4 exf4
0-1

[Event "12. Obert Int. Sant Marti 2010 - B"]
[Site "Barcelona ESP"]
[Date "2010.07.21"]
[Round "9.4"]
[White "Poyato Ruiz, Fernando"]
[Black "Joao, Joaquim Assis"]
[Result "0-1"]
[WhiteElo "1754"]
[BlackElo "2000"]
[PlyCount "53"]
[EventDate "2010.07.13"]
[EventType "swiss"]
[EventRounds "9"]
[EventCountry "ESP"]
[SourceTitle "Ajedrez en Madrid"]
[Source "lmi"]
[SourceDate "2010.07.13"]
[SourceVersion "1"]
[SourceVersionDate "2019.06.18"]
[SourceQuality "1"]

1. d4 d5 2. c4 c6 3. Nf3 dxc4 4. Nc3 b5 5. e3 Bb7 6. a4 a6 7. Be2 e6 8. O-O Nf6
9. Ne5 Be7 10. Bf3 Qc8 11. Bd2 Nbd7 12. Nxd7 Qxd7 13. Ne4 O-O 14. b3 cxb3 15.
Qxb3 Rab8 16. Rfc1 Nxe4 17. Bxe4 c5 18. Qc2 Bxe4 19. Qxe4 c4 20. Rc2 Rfc8 21.
Qe5 Bd6 22. Qg5 f6 23. Qg4 b4 24. Rac1 b3 25. Rb2 Ba3 26. Bc3 Bxb2 27. Bxb2 0-1

[Event "12. Obert Int. Sant Marti 2010 - B"]
[Site "Barcelona ESP"]
[Date "2010.07.21"]
[Round "9.5"]
[White "Pariente Lopez, Eduard"]
[Black "Gonzalez Garcia, Sergi"]
[Result "1/2-1/2"]
[WhiteElo "1965"]
[BlackElo "1837"]
[PlyCount "36"]
[EventDate "2010.07.13"]
[EventType "swiss"]
[EventRounds "9"]
[EventCountry "ESP"]
[SourceTitle "Ajedrez en Madrid"]
[Source "lmi"]
[SourceDate "2010.07.13"]
[SourceVersion "1"]
[SourceVersionDate "2019.06.18"]
[SourceQuality "1"]

1. e4 d6 2. d4 Nf6 3. Nc3 g6 4. Be2 Bg7 5. Be3 O-O 6. Qd2 Nc6 7. O-O-O a6 8. h4
h5 9. f3 b5 10. Nh3 Re8 11. Nf2 e5 12. d5 Nd4 13. Bd3 c5 14. dxc6 Nxc6 15. Bg5
Qa5 16. Bxf6 Bxf6 17. Nd5 Qxd2+ 18. Rxd2 Bd8 1/2-1/2

[Event "12. Obert Int. Sant Marti 2010 - B"]
[Site "Barcelona ESP"]
[Date "2010.07.21"]
[Round "9.6"]
[White "Tavares, Eliseu Domingos Man"]
[Black "Rios, Berral Javier"]
[Result "0-1"]
[WhiteElo "2000"]
[BlackElo "1848"]
[PlyCount "112"]
[EventDate "2010.07.13"]
[EventType "swiss"]
[EventRounds "9"]
[EventCountry "ESP"]
[SourceTitle "Ajedrez en Madrid"]
[Source "lmi"]
[SourceDate "2010.07.13"]
[SourceVersion "1"]
[SourceVersionDate "2019.06.18"]
[SourceQuality "1"]

1. e4 c5 2. Bc4 e6 3. Nc3 a6 4. d3 Nc6 5. a3 g6 6. Nge2 Bg7 7. O-O Nge7 8. Ba2
Nd4 9. Nxd4 cxd4 10. Ne2 Nc6 11. f4 d6 12. Ng3 Ne7 13. Qe2 O-O 14. Bd2 Bd7 15.
Rae1 Rc8 16. Bb3 a5 17. a4 b6 18. Kh1 Rc5 19. Ra1 Qc8 20. Qf2 Kh8 21. Rfc1 Qc7
22. Ne2 Nc6 23. Ng3 Ne7 24. Be1 Nc6 25. Bd2 Ne7 26. Kg1 Nc6 27. e5 d5 28. c3
dxc3 29. bxc3 Ne7 30. d4 Rc6 31. Qe3 Rc8 32. Bd1 Rc4 33. Rcb1 Rb8 34. Bc2 Qd8
35. Qe1 Qe8 36. Qd1 Kg8 37. Rb2 Qd8 38. Bd3 Rc7 39. Rab1 Rcb7 40. Bb5 Bxb5 41.
Rxb5 Qc7 42. Qb3 Nc6 43. Qa2 Bf8 44. Nf1 Na7 45. R5b2 b5 46. axb5 Rxb5 47. Ne3
Rxb2 48. Rxb2 Rxb2 49. Qxb2 a4 50. Kf2 a3 51. Qb3 Qa5 52. Nc2 Nb5 53. Na1 Nxd4
54. Qb7 Nb5 55. Ke1 Qa4 56. Kf2 Qd1 0-1

[Event "12. Obert Int. Sant Marti 2010 - B"]
[Site "Barcelona ESP"]
[Date "2010.07.21"]
[Round "9.8"]
[White "Poyato Plaza, Daniel"]
[Black "Amor Alcaide, Manuel"]
[Result "1/2-1/2"]
[WhiteElo "1893"]
[BlackElo "1978"]
[PlyCount "21"]
[EventDate "2010.07.13"]
[EventType "swiss"]
[EventRounds "9"]
[EventCountry "ESP"]
[SourceTitle "Ajedrez en Madrid"]
[Source "lmi"]
[SourceDate "2010.07.13"]
[SourceVersion "1"]
[SourceVersionDate "2019.06.18"]
[SourceQuality "1"]

1. d4 d6 2. c4 c6 3. Nc3 Nf6 4. e4 Qc7 5. Bg5 Nbd7 6. Bd3 e5 7. d5 c5 8. Nf3 a6
9. O-O Be7 10. h3 O-O 11. Nh4 1/2-1/2